| 000 | 00782nam a2200205Ii 4500 | ||
|---|---|---|---|
| 003 | JO-AjNU | ||
| 008 | 230605s9999||||xx |||||||||||||| ||und|| | ||
| 040 |
_aJO-AjNU _bara _erda _cJO-AjNU |
||
| 041 | _aara | ||
| 050 | 1 | 4 | _aGV1787 1967 |
| 100 | 3 |
_aتاليف مارا، ثاليا؛ ترجمة عزمي، عنايت؛ مراجعة وتقديم الغمراوي، نفيسة, _eauthor _937306 |
|
| 245 | 0 | 0 | _aكيف تتعلمين البالية |
| 250 | _aط2 | ||
| 264 | 3 | 1 | _aالقاهرة- نيويورك: مؤسسة فرانكلين للطباعة والنشر، 1967 |
| 300 |
_a108ص _bصور توضبحية |
||
| 336 |
_atext _btxt _2rdacontent |
||
| 337 |
_aunmediated _bn _2rdamedia |
||
| 338 |
_avolume _bnc _2rdacarrier |
||
| 650 | 4 |
_aالبالية - تعليم _937307 |
|
| 999 |
_aA15576 _c19144 _d19144 |
||